1043 1290 1331 1102 1974 1354 1355 1530 1756 1679 1522 1004 1252 1746 1294 1952 1645 1540 1029 1573 1707 1165 1409 1597 1246 1202 1277 1361 1107 1769 1856 1740 1963 1477 1923 1996 1977 1692 1856 1551 1563 1871 1960 1370 1338 1469 1860 1696 1489 1815 1223 1040 1971 1587 1020 1928 1891 1424 1029 1917 1934 1563 1595 1616 1431 1496 1239 1855 1269 1035 1579 1872 1760 1319 1089 1157 1622 1816 1978 1301 1862 1063 1334 1311 1360 1892 1308 1408 1058 1858 1964 1170 1735 1803 1417 1121 1902 1379 1103 BCNSPRNW ULIB Ver.6.0+V

เปลี่ยนเป็นภาษาไทย

Change to English
 แสดงรายละเอียดบรรณานุกรม
  กลับหน้าหลัก

Brief Record : Get Marc (ISO 2709) : E-mail record : QR code < ปิดหน้าต่าง
LEADER : 00000nam 2200000uu 4500
001    13399113562
003     ULIB
008    111128s2553||||th 000 0 tha d
020    ^a9786167123561
090    ^aนว.^bน482อ 2553
100 0  ^aนาราจันทร์
245 00 ^aอุ่นไอสายใยรัก/^cนาราจันทร์
250    ^aพิมพ์ครั้งที่ 1
260    ^aกรุงเทพฯ :^bGreen Mine,^c2553
300    ^a359 หน้า
710 1  ^aGreen Mine
945    ^p249^l0^i17055
995    ^aกัณชพร
999    ^aใช้งานได้ทุกระบบ
รายการนี้ยังไม่มีแท็ก
คุณยังไม่ได้ล็อกอิน คุณสามารถมีกิจกรรมร่วมกับเว็บไซต์ได้ แต่ต้องล็อกอินก่อน ::
  ล็อกอิน

รายการสื่อสารสนเทศ

ลำดับที่ ประเภท เลขเรียก/บาร์โค้ด สถานที่ สถานะ
1. นวนิยาย
นวนิยาย
นว. น482อ 2553  
  Barcode: 17055
ห้องสมุดวิทยาเขตสวรรค์ประชารักษ์
►นวนิยาย
บนชั้น
  ขอยืม

BibComment


ยังไม่เคยถูกคอมเมนท์

คอมเมนท์ทรัพยากรรายการนี้
  คอมเมนท์: อุ่นไอสายใยรัก น..


 Copyright 2026. Bcnsprnw @Library